XXI International symposium on nuclear electronics & computing, NEC'2007, September 10-17, 2007, Varna (Запись № 3518172)

Подробности
000 -МАРКЕР
контрольное поле 01640nam0a2200313 4500
001 - ИДЕНТИФИКАТОР ЗАПИСИ
контрольное поле RU\NLR\b_ik\165156
005 - ИДЕНТИФИКАТОР ВЕРСИИ
контрольное поле 20260407173201.0
010 ## - МЕЖДУНАРОДНЫЙ СТАНДАРТНЫЙ НОМЕР КНИГИ (ISBN)
Номер (ISBN) 5-9530-0157-6
Тираж 150
035 ## - ДРУГИЕ СИСТЕМНЫЕ НОМЕРА
Идентификатор записи (NLR Aleph) 002237959
100 ## - ДАННЫЕ ОБЩЕЙ ОБРАБОТКИ
Данные общей обработки 20071226d2007 |||y0rusy50 ca
101 0# - ЯЗЫК РЕСУРСА
Язык текста, звукозаписи и т.д. английский
102 ## - СТРАНА ПУБЛИКАЦИИ ИЛИ ПРОИЗВОДСТВА
Страна публикации Российская Федерация
105 ## - ПОЛЕ КОДИРОВАННЫХ ДАННЫХ: ТЕКСТОВЫЕ МАТЕРИАЛЫ, МОНОГРАФИЧЕСКИЕ
Кодированные данные о монографическом текстовом документе y |||||||||
200 9# - ЗАГЛАВИЕ И СВЕДЕНИЯ ОБ ОТВЕТСТВЕННОСТИ
Основное заглавие XXI International symposium on nuclear electronics & computing, NEC'2007, September 10-17, 2007, Varna
Сведения, относящиеся к заглавию book of abstracts
210 ## - ПУБЛИКАЦИЯ, РАСПРОСТРАНЕНИЕ И ДР.
Место издания, распространения и т.д. Dubna
Имя издателя, распространителя и т. д. Joint inst. of nuclear research
Дата издания, распространения и т.д. 2007
215 ## - ФИЗИЧЕСКАЯ ХАРАКТЕРИСТИКА
Специфическое обозначение материала и объем 57 с.
Размеры 22
300 ## - ОБЩИЕ ПРИМЕЧАНИЯ
Текст примечания В вып. дан.: XXI Международный симпозиум по ядерной электронике и компьютингу (NEC'2007). В надзаг.: Joint inst. of nuclear research
320 ## - ПРИМЕЧАНИЯ О НАЛИЧИИ В ДОКУМЕНТЕ БИБЛИОГРАФИИ / УКАЗАТЕЛЯ
Текст примечания Указ.: с. 56-57
517 0# - ДРУГИЕ ВАРИАНТЫ ЗАГЛАВИЯ
Вариант заглавия XXI Международный симпозиум по ядерной электронике и компьютингу (NEC'2007). В надзаг.: Joint inst. of nuclear research
606 1# - НАИМЕНОВАНИЕ ТЕМЫ КАК ПРЕДМЕТ
Наименование темы Электронные приборы
Формальный подзаголовок Съезды, совещания и т.п.
Тематический подзаголовок Применение в ядерной физике
Системный номер авторитетной/нормативной записи 964283
Идентификатор авторитетной/нормативной записи RU\NLR\AUTH\6641720
606 1# - НАИМЕНОВАНИЕ ТЕМЫ КАК ПРЕДМЕТ
Наименование темы Ядерные исследования
Формальный подзаголовок Съезды, совещания и т.п.
Тематический подзаголовок Автоматизация
Системный номер авторитетной/нормативной записи 1354587
Идентификатор авторитетной/нормативной записи RU\NLR\AUTH\66251532
686 1# - ИНДЕКСЫ ДРУГИХ КЛАССИФИКАЦИЙ
Индекс В38с21я431(0)
686 1# - ИНДЕКСЫ ДРУГИХ КЛАССИФИКАЦИЙ
Индекс В381.9я431(0)
710 12 - НАИМЕНОВАНИЕ ОРГАНИЗАЦИИ - ПЕРВИЧНАЯ ОТВЕТСТВЕННОСТЬ
Код отношения Автор
Графика поля Латинская
Материалы, к которым относится поле eng
Начальный элемент ввода International symposium on nuclear electronics and computing
Порядковый номер временной организации и / или порядковый номер ее части 21
Место проведения временной организации Varna
Дата проведения временной организации 2007
Системный номер авторитетной/нормативной записи 720291
Идентификатор авторитетной/нормативной записи RU\NLR\AUTH\8810110153
801 #0 - ИСТОЧНИК ЗАПИСИ
Страна Российская Федерация
Организация NLR
Дата составления 20071226
Правила каталогизации RCR
942 ## - ДОПОЛНИТЕЛЬНЫЕ ЭЛЕМЕНТЫ ЗАПИСИ (АБИС)
Тип экземпляра АБИС Книга
980 ## - КОЛЛЕКЦИЯ
Название коллекции Национальная библиография
Экземпляры
Тип экземпляра Дата поступления Источник поступления Библиотека постоянного хранения Библиотека текущего хранения Место хранения Шифр хранения Штрих-код Статус экземпляра Публичное примечание
Книга 26.12.2007 Обязательный экземпляр РНБ (Московский) РНБ (Московский) Иностранный книжный фонд Ик 2007-6/71 1072930   ;